| 000 | 00607nam a2200193Ia 4500 | ||
|---|---|---|---|
| 003 | OSt | ||
| 005 | 20250704125200.0 | ||
| 008 | 210210b1991 xxu||||| |||| 00| 0 eng d | ||
| 040 | _cAL | ||
| 041 | _aKannada | ||
| 082 | _a375.6137K ARAS | ||
| 100 |
_aARALIMATTY (S M). _9151380 _dಅರಳಿಮಟ್ಟಿ (ಎಸ್ ಎಂ) |
||
| 245 |
_aSamagra kreedangana: Bhaga 2 theory. _bಸಮಗ್ರ ಕ್ರೀಡಾಂಗಣ : ಭಾಗ ೨, ಥಿಯರಿ |
||
| 260 |
_aBelagavi _bUdaya prakasana _c1991 |
||
| 300 | _a61 | ||
| 690 |
_aPhysical Education _9151381 |
||
| 906 | _a047179 | ||
| 942 |
_2ddc _cBK |
||
| 999 |
_c96049 _d96049 |
||